| 000 | 00604nam a2200193Ia 4500 | ||
|---|---|---|---|
| 008 | 140321s9999 xx 000 0 und d | ||
| 020 | _a9780335244454 | ||
| 050 |
_aRC 495 _b.H999 2012 |
||
| 245 |
_aHypnotheraphy : _ba handbook / _cedited by : Michael Heap. |
||
| 250 | _a2nd ed. | ||
| 260 |
_aPhiladelphia : _bOpen University Press, _cc2012. |
||
| 300 |
_a207 p. : _bill. ; _c24 cm. |
||
| 440 | _a(Psychotheraphy handbooks series ). | ||
| 500 | _aIncludes bibliographical references and indexes. | ||
| 521 | _aPSYCH | ||
| 650 |
_aHypnotism _xTherapautic use. |
||
| 942 |
_kFOR _cBK |
||
| 999 |
_c48278 _d48278 |
||